LEADER 01033nam a2200241 4500 001 000000359639 003 CaOOAMICUS 005 20240903090735.0 008 240903s20uu it a 000 u ita r 040 $aSeMil$bita 245 02$aI misteri del Rosario nelle vetrate del Duomo. 264 1$aAppiano Gentile :$bParrocchia S. Stefano,$c[20--]?. 300 $a105 p. :$bill. ;$c21 cm 500 $aTitolo da copertina 650 4$aMilano - Duomo - Vetrate.$0(OLS)http://semarc/subject/18885 650 4$aRosario - Iconografia.$0(OLS)http://semarc/subject/17044 710 2 $aComunità pastorale della Beata Vergine del Carmelo.$0(OLS)http://semarc/name/120342 850 $aSeMil 852 $aSeMil$W1$xVenegono$y1$m3O II 233$j250579$B250695$CSeMilBibl$Z2$F250695 $81 961 $aCastagna don Enrico - Omaggio 996 $6245$aI misteri del Rosario nelle vetrate del Duomo$9(OLS)http://semarc/title/450046 996 $6264$aAppiano Gentile :$bParrocchia S. Stefano$9(OLS)http://semarc/publisher/61934 LEADER 01108nam a2200265 i 4500 001 000000190402 003 CaOOAMICUS 005 20100614000000.0 008 100614s1966 it u000 u ita u 013 $a168796 040 $aSeMil$bita 100 1 $aTusino, Teodoro.$0(OLS)http://semarc/name/58186 245 10$aNon disse mai no P. Annibale Maria Di Francia /$cTeodoro Tusino. 260 $aRoma :$bEdizioni Paoline,$ccopyr. 1966. 300 $a226 p., [4] p. di tav. :$bill. ;$c19 cm. 490 0 $aBiografie di contemporanei ;$v44 500 $aFondo card. Giovanni Colombo. 600 14$aDi Francia, Annibale Maria .$0(OLS)http://semarc/subject/18878 830 0$aBiografie di contemporanei ;$v44.$0(OLS)http://semarc/title/6178 850 $aSeMil 852 $aSeMil$W1$xVenegono$y1$m3H I 356 °$j141021$B141021$CSeMilBibl$Z2$F152642 $81 941 1 $a3 961 $aLascito: Colombo Card. Giovanni 996 $6245$aNon disse mai no P. Annibale Maria Di Francia$9(OLS)http://semarc/title/274299 996 $6260$aRoma :$bEdizioni Paoline$9(OLS)http://semarc/publisher/29700